MARC details
| 000 -LEADER |
| fixed length control field |
02337cam a22003135i 4500 |
| 001 - CONTROL NUMBER |
| control field |
21625088 |
| 003 - CONTROL NUMBER IDENTIFIER |
| control field |
GBCCL |
| 005 - DATE AND TIME OF LATEST TRANSACTION |
| control field |
20241126110659.0 |
| 006 - FIXED-LENGTH DATA ELEMENTS--ADDITIONAL MATERIAL CHARACTERISTICS |
| fixed length control field |
m |o d | |
| 007 - PHYSICAL DESCRIPTION FIXED FIELD--GENERAL INFORMATION |
| fixed length control field |
cr ||||||||||| |
| 008 - FIXED-LENGTH DATA ELEMENTS--GENERAL INFORMATION |
| fixed length control field |
180111s2018 miu o 000 0 eng |
| 010 ## - |
| -- |
2020690631 |
| 020 ## - INTERNATIONAL STANDARD BOOK NUMBER |
| International Standard Book Number |
9780310450436 |
| 020 ## - INTERNATIONAL STANDARD BOOK NUMBER |
| International Standard Book Number |
9780310450405 |
| 020 ## - INTERNATIONAL STANDARD BOOK NUMBER |
| International Standard Book Number |
0310450403 |
| 040 ## - CATALOGING SOURCE |
| Original cataloging agency |
DLC |
| Language of cataloging |
eng |
| Description conventions |
rda |
| Transcribing agency |
DLC |
| 082 ## - DEWEY DECIMAL CLASSIFICATION NUMBER |
| Classification number |
220.520814 |
| Item number |
NIV |
| 245 00 - TITLE STATEMENT |
| Title |
NIV Biblical Theology Study Bible : |
| Remainder of title |
follow God's redemptive plan as it unfolds throughout scripture / |
| Statement of responsibility, etc. |
D.A. Carson, general editor. |
| 260 ## - PUBLICATION, DISTRIBUTION, ETC. |
| Place of publication, distribution, etc. |
Grand Rapids, Michigan : |
| Name of publisher, distributor, etc. |
Zondervan, |
| Date of publication, distribution, etc. |
2018 |
| 300 ## - PHYSICAL DESCRIPTION |
| Extent |
xxix, 2562 pages : c |
| Other physical details |
olor illustrations, color maps ; |
| Dimensions |
24 cm |
| 505 ## - FORMATTED CONTENTS NOTE |
| Formatted contents note |
Marvel at the big story; savor each detail Biblical Theology allows you to ponder the individual stories and themes of Scripture while observing how they all fit together in God's grand biblical narrative. With three articles introducing Biblical theology and 25 articles unpacking key themes of Scripture, the NIV Biblical Theology Study Bible equips you to follow the progressive unfolding of God's story. Helpful introductions to books and sections of the Bible combined with 20,000 verse-by-verse study notes will guide you to a clearer understanding of every portion of Scripture.-Previously published as NIV Zondervan Study Bible -The full text of the New International Version (NIV), the most widely read Bible translation in contemporary English, trusted for its combination of accuracy, readability, and beauty -28 theologically rich articles by authors such as Tim Keller and Kevin DeYoung -20,000 verse-by-verse study notes -Hundreds of full-color photos, more than 90 maps, and over 60 charts -Comprehensive book introductions -Over 60 trusted contributors -Cross-references and the NIV Comprehensive Concordance -Single-column, black letter edition --Exclusive Zondervan NIV Comfort Print typeface. |
| 588 ## - SOURCE OF DESCRIPTION NOTE |
| Source of description note |
Description based on print version record. |
| 650 ## - SUBJECT ADDED ENTRY--TOPICAL TERM |
| Topical term or geographic name entry element |
Bible |
| Form subdivision |
Reference editions. |
| 9 (RLIN) |
15549 |
| 650 ## - SUBJECT ADDED ENTRY--TOPICAL TERM |
| Topical term or geographic name entry element |
Bible. |
| 9 (RLIN) |
5 |
| 776 08 - ADDITIONAL PHYSICAL FORM ENTRY |
| Relationship information |
Print version: |
| Title |
NIV Biblical Theology Study Bible |
| Place, publisher, and date of publication |
Grand Rapids, MI : Zondervan, 2018 |
| International Standard Book Number |
9780310450405 (hardcover) |
| Record control number |
(DLC) 2018931155 |
| 906 ## - LOCAL DATA ELEMENT F, LDF (RLIN) |
| a |
7 |
| b |
cbc |
| c |
origcop |
| d |
1 |
| e |
ecip |
| f |
20 |
| g |
y-gencatlg |
| 942 ## - ADDED ENTRY ELEMENTS (KOHA) |
| Source of classification or shelving scheme |
Dewey Decimal Classification |
| Koha item type |
Reference Books |